000 00440nab a2200145Ia 4500
003 ES-SlBCS
005 20210601124313.0
008 140529s1984 xxu||||| |||| 00| 0 eng d
041 _aeng
100 1 _aEllett, Frederick S.
_9139462
245 0 0 _aBayesian Confirmation and Interpretation
_c Frederick S. Ellett
650 0 4 _aEducación
_986687
773 0 _tEducational Theory
_gvol. 34, nº. 2, 1984, págs. 175-182
_wRev1399
942 _cAR
999 _c512621
_d512621